000 00755nam a22001937a 4500
999 _c15227
_d15227
003 AR-CdUCM
008 190403b ||||| |||| 00| 0 spa d
040 _aMUNICIPALIDAD PROVINCIAL DEL CUSCO
_cBIBLIOTECA MUNICIPAL DEL CUSCO
082 _aPI / 372.510 /
_bSA13
100 _aSaco Sánchez, Norma.
_934265
245 _aUna, doli, tuá ... :
_bTexto de desarrollo lógico matemático /
260 _aLima :
_bEditorial girasol,
_c1990.
300 _a168 páginas ;
_c29 cm.
_eDibujos,
505 _aContenido :Constancia perceptual -- Clasificación -- Cuantificadores -- Correspondencia -- Numerales -- Medidas ...
650 _aEducación primaria.
_91561
650 _aTexto de aprendizaje.
_927986
942 _2ddc
_cLIBROS
945 _arum
_d2019-04-26